UK landmarks by picture - Statistics

General Stats
  • This quiz has been taken 214 times
  • The average score is 10 of 16
Answer Stats
Picture Answer % Correct
Elizabeth Tower
100%
Stone Henge
97%
London Eye
95%
10 Downing Street
87%
White cliffs of Dover
85%
Roman Baths
77%
Angel of the North
74%
Edinburgh Castle
70%
Hadrian's Wall
70%
Giant's Causeway
63%
Windsor Castle
61%
The Eden Project
57%
Ben Nevis
48%
The Royal Pavilion
21%
Cerne Abbas Giant
10%
Conwy Castle
8%
No matching quizzes found
Score Distribution
Percent of People with Each Score
Percentile by Number Answered
Your Score History
You have not taken this quiz